| 000 | 00650cam a2200241 4500 | ||
|---|---|---|---|
| 008 | 090401t1992 xxu||||| |||| 00| 0 eng d | ||
| 020 | _a0901607592 | ||
| 035 | _a(Sirsi) u74899 | ||
| 041 | _aeng | ||
| 050 | _a306.1 | ||
| 100 | _aDunmore, Kathleen | ||
| 245 | _aPlanning for affordable housing: a practical guide. | ||
| 260 |
_aCoventry _bInstitute of Housing _c1992 |
||
| 300 | _avi,104p. ; 21cm. | ||
| 350 | _a10 | ||
| 650 |
_aAffordable housing _96215 |
||
| 650 | _aLOCAL AUTHORITIES | ||
| 690 | _aHOUSING | ||
| 710 |
_aInstitute of Housing _92470 |
||
| 710 |
_aHouse Builders Federation _92233 |
||
| 942 | _n0 | ||
| 948 | _c04/03/1997 | ||
| 999 |
_c95940 _d95940 |
||